Absolventi 2005/2006

Bibliographic Details
Format: Article
Language:Slovak
ISSN:0139-861X
Subjects:

MARC

LEADER 00000nab a2200000 a 4500
001 vtls008839011
003 SK-MaSNL
005 20260426072540.0
008 140328c2006 xo mr|p|||||||000 b|slo
015 |a SNBRB2006/08  |2 snkbucl 
038 |a SNKBUCL 
040 |a SNKBUCL  |b slo  |c SNKBUCL  |e AACR2 
041 0 |a slo 
044 |a xo  |c SK 
080 |a 2-051  |2 1997 
245 0 0 |a Absolventi 2005/2006 
648 7 |a 2005/2006  |2 snkbucl  |9 320096 
650 0 7 |a novokňazi  |x dáta a fotografie  |2 snkbucl  |9 1325565 
651 7 |a Slovensko  |2 snkbucl  |9 14231 
773 0 |t Duchovný pastier  |g Roč. 87, č. 6 (2006).  |x 0139-861X 
773 0 8 |t [Príloha]  |g S 1-11 
852 |a SNK  |b KIS3GCP 
958 |a BX 
999 |c 2689813  |d 2691743